00467nam a2200181 a 450000100060000000300090000600800410001502000150005604000280007108200160009910000180011524500140013326000410014730000110018849000140019965000360021365000360024916505CO-ViMGA141112s2004 ck r 000 u spa d a9701866843 aCO-ViMGAbspacCO-ViMGA04a921.3 N437g1 aGranier, Jean10aNietzsche aMexico : bConaculta, cCruz, c2001 a142.p. a¿Que se?14aFILOSOFIA ALEMANA - ENSEÑANZA14aNIETZSCHE, FEDERICO 1844 - 1900